000 00467nam a2200181Ia 4500
001 11852
005 20260306162858.0
008 260306t2022||||xx |||||||||||||| ||spa||
041 _aESP
082 _aHR 200
_bV. 56 ENE-ABR 2022 RTL
110 _aFacultad de Teología Pontificia y Civil de Lima
245 0 _aRevista teológica limense
260 _c2022
300 _a137 páginas :
_c23 cm.
650 _aGEN
654 _aCHU
942 _cREV
_dJUS
_fJUS
_2ddc
_n
999 _c11852
_d11852